000
00380nam a2200169Ia 4500
008
220531s9999 xx 000 0 und d
041
_a
eng
082
_b
KUM
100
_a
Kumar, S.
_9
48155
245
_a
Novels Of Arun Joshi
250
_a
1ST
260
_b
Atlantic
_c
2002
542
_d
31-03-2006
650
_a
English
_9
48156
906
_d
2005-2006
999
_c
28204
_d
28204